000
00222nam a2200097Ia 4500
008
170619s9999 xx 000 0 und d
100
_a
Singh V P
245
0
_a
Mechanical Vibrations
260
_b
Dhanpat Rai Pub.
260
_c
2004
546
_a
ENGLISH
999
_c
16971
_d
16971